000 00828nam a22002651 4500
001 34024
003 BD-RjUL
005 20211209052109.0
008 140512s1960 enka 001 0beng
035 _a(BD-RjUL)34118
035 _a(OCoLC)939113
040 _aDLC
_cOClW
_dOCoLC
_dUk
_dDLC
_dBD-RjUL
_beng
041 _aeng
082 _a923
_bSIC 1960
100 1 _aSimey, T. S.
_q(Thomas Spensley),
_d1906-
_912286
245 1 0 _aCharles Booth :
_cby T.S. Simey [and] M.B. Simey.
_bsocial scientist /
260 _aLondon :
_bOxford University Press,
_cc1960.
300 _ax, 282 p. :
_billus. ;
_c23 cm.
504 _aIncludes index.
600 1 0 _aBooth, Charles,
_d1840-1916.
_9103416
700 1 _aSimey, M. B.
_q(Margaret B.)
_ejoint author.
_9103417
942 _2ddc
_cBK
999 _c34024
_d34024